| 000 | 00692nam a2200217 i 4500 | ||
|---|---|---|---|
| 001 | bgj | ||
| 100 | 1 | _aSCOTT, George M. | |
| 245 | 1 | 0 |
_aPrinciples of Management Information Systems / _cGeorge M. Scott. |
| 260 |
_aNew York [etc.] : _bMcGraw-Hill Book Company, _cc. 1986. |
||
| 300 |
_aXVIII, 618 pp : _bill. ; _c24 cm. |
||
| 490 | 1 | _aMcGraw-Hill Seriess in Management Information Systems | |
| 505 | _aIncludes index. | ||
| 650 | 9 | _aManagement information systems | |
| 830 | _aMcGraw-Hill Seriess in Management Information Systems | ||
| 020 | _a0070561036 | ||
| 040 | _cBPK | ||
| 041 | 0 | _aeng | |
| 920 | _a0-07-056103-6 | ||
| 942 | _cKS | ||
| 008 | s uk f |000 0 eng | ||
| 999 |
_c47615 _d47615 |
||
| 856 |
_uhttp://koha.tu.koszalin.pl/cgi-bin/koha/opac-detail.pl?biblionumber=47615 _yKatalog online BPK |
||